000 00364nam a2200145Ia 4500
008 240624s9999 xx 000 0 und d
041 _aeng
082 _a658.5 MER
100 _aMEREDITH JACK R
245 _aOPERATIONS MANAGEMENT FOR MBAS
250 _a(2nd ed.)
260 _c2003
_aSingapore
_bJohn Wiley
300 _axiii, : 406 : p. : cm. ; 24
365 _cRS
999 _c1243
_d1243